[Event "3rd Al Ain Chess Classic"]
[Site "Al-Ain UAE"]
[Date "2014.12.26"]
[Round "9.19"]
[White "Petrosyan, Manuel"]
[Black "Sengupta, Deep"]
[Result "1-0"]
[WhiteTitle "FM"]
[BlackTitle "GM"]
[WhiteElo "2407"]
[BlackElo "2566"]
[WhiteFideId "13300857"]
[BlackFideId "5008352"]
[EventDate "2014.12.19"]

1. d4 d5 2. Nf3 c6 3. e3 Nf6 4. c4 e6 5. Bd3 a6 6. O-O dxc4 7. Bxc4 b5 8. Bd3 c5
9. a4 b4 10. e4 cxd4 11. Bg5 Bb7 12. Nbd2 h6 13. Bh4 Nbd7 14. e5 g5 15. Bg3 Nc5
16. Bc4 Nfd7 17. a5 Bg7 18. Qe2 d3 19. Qe3 Rc8 20. h3 Qc7 21. Rfc1 Qb8 22. Re1
Qa8 23. Bxd3 Nxd3 24. Qxd3 Bd5 25. Ne4 Bxe4 26. Qxe4 Qxe4 27. Rxe4 Bf8 28. Rd1
Be7 29. Ne1 Nb8 30. f3 O-O 31. Bf2 Nc6 32. Bb6 Bd8 33. Rd7 Rb8 34. Bc5 Re8 35.
Rd6 Rc8 36. Bb6 Kg7 37. Kf1 Be7 38. Rd7 Kg6 39. Nd3 Bf8 40. Rc4 Bg7 41. Rc7 Rcd8
42. R7xc6 Rxd3 43. Rxb4 Bxe5 44. Ke2 Rd5 45. Rc2 Re7 46. Rbc4 Red7 47. Rc5 h5
48. b4 Bd4 49. Rxd5 Rxd5 50. Rc6 g4 51. hxg4 hxg4 52. Bc7 Be5 53. Bxe5 Rxe5+ 54.
Kf2 Rg5 55. Rxa6 g3+ 56. Ke3 Rh5 57. f4 Kf5 58. Rb6 Rh1 59. Kf3 Rf1+ 60. Kxg3
Rxf4 61. a6 Rg4+ 62. Kf2 Rg8 63. a7 Ra8 64. Rb7 Ke5 65. b5 Kd5 1-0

[Event "3rd Al Ain Chess Classic"]
[Site "Al-Ain UAE"]
[Date "2014.12.26"]
[Round "9.20"]
[White "Moskalenko, Viktor1"]
[Black "Tologontegin, Semetey"]
[Result "1-0"]
[WhiteTitle "GM"]
[BlackTitle "FM"]
[WhiteElo "2528"]
[BlackElo "2391"]
[WhiteFideId "14100100"]
[BlackFideId "13800574"]
[EventDate "2014.12.19"]

1. d4 d6 2. e4 Nf6 3. f3 e5 4. dxe5 dxe5 5. Qxd8+ Kxd8 6. Bc4 Be6 7. Bxe6 fxe6
8. Nd2 Nbd7 9. b3 Bc5 10. Ne2 Ke7 11. Bb2 b5 12. Nc1 Bd4 13. c3 Bb6 14. Nd3 a6
15. Ke2 h5 16. Rhc1 c6 17. c4 Bd4 18. Bxd4 exd4 19. e5 Nh7 20. cxb5 cxb5 21. Rc6
Rhc8 22. Rac1 Rxc6 23. Rxc6 Nhf8 24. f4 a5 25. Nf3 b4 26. Nxd4 a4 27. h4 axb3
28. axb3 Ra2+ 29. Rc2 Ra1 30. Nxb4 Rg1 31. Kf2 Rd1 32. g3 Kf7 33. Nbc6 Nb6 34.
Ra2 Nd5 35. Nf3 Nc3 36. Ng5+ Kg6 37. Ne7+ Kh6 38. Ra8 Rd2+ 39. Ke3 Rd7 40. Ng8+
Kg6 41. Rxf8 Nd5+ 42. Kf2 Nxf4 43. Ne7+ 1-0

[Event "3rd Al Ain Chess Classic"]
[Site "Al-Ain UAE"]
[Date "2014.12.26"]
[Round "9.21"]
[White "Abdyjapar, Asyl"]
[Black "Gasanov, Eldar"]
[Result "1/2-1/2"]
[WhiteTitle "IM"]
[BlackTitle "GM"]
[WhiteElo "2385"]
[BlackElo "2526"]
[WhiteFideId "13800337"]
[BlackFideId "14104466"]
[EventDate "2014.12.19"]

1. d4 e6 2. c4 Bb4+ 3. Bd2 a5 4. Nf3 Nf6 5. g3 d5 6. a3 Be7 7. Bg2 O-O 8. Qc2 c6
9. O-O Nbd7 10. Rd1 b5 11. c5 Ne4 12. Be3 f5 13. Ne5 Ra6 14. Nd3 Bf6 15. f3 Ng5
16. Nd2 h6 17. Bf2 Be7 18. e4 Nxf3+ 19. Bxf3 fxe4 20. Nf4 Rxf4 21. gxf4 exf3 22.
Qg6 Nf8 23. Qg3 Bd7 24. h3 Be8 25. Kh2 Bg6 26. Rg1 Bf6 27. Rae1 Ra7 28. Nxf3 Rf7
29. Ne5 Bxe5 30. fxe5 Kh7 31. Be3 a4 32. Ref1 Rxf1 33. Rxf1 Bf5 34. h4 Qe8 35.
Qf3 Qe7 36. Qg3 Qf7 37. Qf3 Qe7 38. Kg3 Ng6 39. Qh5 Bd3 40. Bg5 Qc7 41. Rf2 Bf5
42. Kg2 Qa5 43. Bd2 Qd8 44. Kg3 Qe7 45. Rh2 Qf7 46. Qf3 Ne7 47. Kf2 Qe8 48. h5
Be4 49. Qg4 Nf5 50. Be3 Qf7 51. Ke2 Nxe3 52. Kxe3 Qf1 53. Qe2 Qg1+ 54. Qf2 Qg5+
55. Qf4 Qg1+ 56. Qf2 Qg4 57. Kd2 Qg5+ 58. Qe3 Qd8 59. Qg3 Qa5+ 60. Qc3 Qd8 61.
Qg3 Qa5+ 62. Qc3 Qd8 63. Qg3 b4 64. axb4 1/2-1/2

[Event "3rd Al Ain Chess Classic"]
[Site "Al-Ain UAE"]
[Date "2014.12.26"]
[Round "9.22"]
[White "Ankit, R. Rajpara"]
[Black "Gasimov, Parviz"]
[Result "1-0"]
[WhiteTitle "GM"]
[BlackTitle "CM"]
[WhiteElo "2494"]
[BlackElo "2295"]
[WhiteFideId "5023335"]
[BlackFideId "13408798"]
[EventDate "2014.12.19"]

1. d4 d5 2. c4 c6 3. Nc3 Nf6 4. e3 e6 5. Nf3 Nbd7 6. Qc2 Bd6 7. Bd3 dxc4 8. Bxc4
b5 9. Be2 Bb7 10. O-O O-O 11. e4 e5 12. dxe5 Nxe5 13. Nd4 Rc8 14. Nf5 Bb8 15. f4
Ng6 16. e5 Nd5 17. Nxd5 cxd5 18. Qd3 a6 19. Be3 Ne7 20. Bg4 Rc6 21. Rac1 Nxf5
22. Bxf5 g6 23. Bg4 Rxc1 24. Rxc1 f5 25. Bf3 Qd7 26. Rd1 Rd8 27. Bb6 Bc7 28. Bd4
Kf7 29. Bc5 Qc6 30. Qd4 Ke6 31. b4 Rc8 32. Qf2 Qd7 33. g4 Bd8 34. Kh1 Kf7 35.
Qg2 Be7 36. gxf5 gxf5 37. Bxe7 1-0

[Event "3rd Al Ain Chess Classic"]
[Site "Al-Ain UAE"]
[Date "2014.12.26"]
[Round "9.24"]
[White "Sokolov, Ivan"]
[Black "Abdulov, Orkhan"]
[Result "1-0"]
[WhiteTitle "GM"]
[BlackTitle "IM"]
[WhiteElo "2645"]
[BlackElo "2350"]
[WhiteFideId "14400030"]
[BlackFideId "13402714"]
[EventDate "2014.12.19"]

1. d4 Nf6 2. c4 c5 3. d5 e6 4. Nc3 exd5 5. cxd5 d6 6. e4 g6 7. f4 Bg7 8. Bb5+
Nfd7 9. Nf3 O-O 10. O-O a6 11. Bd3 b5 12. a3 Bb7 13. Kh1 c4 14. Bc2 Nc5 15. Be3
Nbd7 16. Bd4 Nf6 17. Qd2 Qd7 18. Rad1 Rac8 19. f5 Rfe8 20. e5 dxe5 21. Nxe5 Qd6
22. Nxf7 Kxf7 23. fxg6+ hxg6 24. Qg5 Nd3 25. Rxd3 cxd3 26. Bxd3 Kg8 27. Bxf6 Rf8
28. Ne4 Qxd5 29. Qxg6 Rc7 30. Bb1 Qc4 31. Nd2 Qxf1+ 32. Nxf1 Rxf6 33. Qe8+ Bf8
34. Bd3 Rc2 35. Be2 Rc1 36. Kg1 Bc6 37. Qd8 Kg7 38. Qc7+ Kh6 39. b4 Bd6 40. Qa7
Bf4 41. Bd3 Be4 42. Qd4 Rxf1+ 43. Bxf1 Re6 44. Bd3 Bc7 45. Qe3+ Kg7 46. Qg5+ Bg6
47. h4 Bb6+ 48. Kh2 Kh7 49. Bxg6+ Rxg6 50. Qf5 Kg7 51. Qd7+ 1-0

[Event "3rd Al Ain Chess Classic"]
[Site "Al-Ain UAE"]
[Date "2014.12.26"]
[Round "9.25"]
[White "Miroshnichenko, Evgenij"]
[Black "Morchiashvili, Bachana"]
[Result "1-0"]
[WhiteTitle "GM"]
[BlackTitle "IM"]
[WhiteElo "2618"]
[BlackElo "2337"]
[WhiteFideId "14102595"]
[BlackFideId "13602535"]
[EventDate "2014.12.19"]

1. d4 Nf6 2. c4 g6 3. Nc3 Bg7 4. e4 d6 5. Bd3 O-O 6. Nge2 Nbd7 7. O-O c5 8. d5
Ne5 9. Bg5 a6 10. a4 Bd7 11. Ng3 Nxd3 12. Qxd3 Ne8 13. a5 Rb8 14. Qd2 b5 15.
axb6 Rxb6 16. Bh6 Qb8 17. Bxg7 Nxg7 18. Qh6 Rxb2 19. e5 Nf5 20. Nxf5 Bxf5 21.
Qh4 Qb3 22. Nd1 Bd3 23. Nxb2 Bxf1 24. Rxf1 Qxb2 25. Qxe7 Qxe5 26. Qxe5 dxe5 27.
Ra1 Rb8 28. f4 Rb4 29. fxe5 Rxc4 30. d6 Rd4 31. Rxa6 Kg7 32. Kf2 Rd5 33. Ra8 c4
34. Rc8 c3 35. Kf3 c2 36. Ke4 Rd2 37. Ke3 Rd5 38. Rxc2 Rxe5+ 39. Kd4 Re1 40. Kd5
Rd1+ 41. Kc6 Kf6 42. d7 Ke6 43. Re2+ Kf5 44. Kc7 1-0

[Event "3rd Al Ain Chess Classic"]
[Site "Al-Ain UAE"]
[Date "2014.12.26"]
[Round "9.26"]
[White "Baryshpolets, Andrey"]
[Black "Abdumalik, Zhansaya"]
[Result "1/2-1/2"]
[WhiteTitle "GM"]
[BlackTitle "WGM"]
[WhiteElo "2566"]
[BlackElo "2332"]
[WhiteFideId "14117207"]
[BlackFideId "13703544"]
[EventDate "2014.12.19"]

1. d4 Nf6 2. c4 g6 3. Nc3 d5 4. cxd5 Nxd5 5. g3 Bg7 6. Bg2 Nxc3 7. bxc3 O-O 8.
e3 c5 9. Ne2 cxd4 10. cxd4 Qa5+ 11. Bd2 Qa6 12. O-O Bg4 13. Re1 Rd8 14. h3 Be6
15. Nf4 Bc4 16. Qc2 Nd7 17. Bxb7 Qxb7 18. Qxc4 e5 19. Nd5 Nb6 20. Qc6 Qd7 21.
Nf6+ Bxf6 22. Qxf6 Qxh3 23. Rac1 e4 24. Rc7 Rd7 25. Rec1 Re8 26. Qc6 Qg4 27. Ba5
Re6 28. Qc2 Rd5 29. Rc5 Rf5 30. Bxb6 axb6 31. Rxf5 Qxf5 32. Qc8+ Kg7 33. Rc6 Qf3
34. Rxe6 Qd1+ 35. Kg2 Qf3+ 36. Kg1 Qd1+ 1/2-1/2

[Event "3rd Al Ain Chess Classic"]
[Site "Al-Ain UAE"]
[Date "2014.12.26"]
[Round "9.27"]
[White "Rahman, Ziaur"]
[Black "Firouzja, Alireza"]
[Result "1-0"]
[WhiteTitle "GM"]
[WhiteElo "2511"]
[BlackElo "2332"]
[WhiteFideId "10200037"]
[BlackFideId "12573981"]
[EventDate "2014.12.19"]

1. d4 Nf6 2. Bg5 e6 3. Nd2 h6 4. Bh4 c5 5. e4 cxd4 6. e5 g5 7. Bg3 Nd5 8. h4
gxh4 9. Bxh4 Qa5 10. Nf3 Nc6 11. Bd3 Ne3 12. Qe2 Nxg2+ 13. Kf1 Nxh4 14. Rxh4 Qc7
15. Ne4 Be7 16. Rh5 b6 17. a4 Bb7 18. a5 bxa5 19. Ra4 Qb6 20. Nfd2 Nb4 21. Nc4
Qc6 22. Ncd6+ Bxd6 23. Nxd6+ Ke7 24. Nxb7 Qxa4 25. Qf3 Nd5 26. Nd6 Raf8 27. Be4
Qa1+ 28. Ke2 d3+ 29. Kxd3 Qf1+ 30. Kd2 f6 31. Rh1 fxe5 32. Nf5+ Rxf5 33. Qa3+
Nb4 34. Rxf1 Rf4 35. f3 d5 36. Qxa5 dxe4 37. Qxb4+ Kf6 38. Ke2 Rg8 39. fxe4 Rg2+
40. Ke1 Rxc2 41. Qf8+ 1-0

[Event "3rd Al Ain Chess Classic"]
[Site "Al-Ain UAE"]
[Date "2014.12.26"]
[Round "9.28"]
[White "Mammadov, Zaur"]
[Black "Galojan, Lilit"]
[Result "0-1"]
[WhiteTitle "IM"]
[BlackTitle "IM"]
[WhiteElo "2505"]
[BlackElo "2275"]
[WhiteFideId "13401033"]
[BlackFideId "13301314"]
[EventDate "2014.12.19"]

1. d4 Nf6 2. Nc3 d5 3. Bg5 Nbd7 4. Qd3 g6 5. Nf3 Bg7 6. O-O-O O-O 7. e4 dxe4 8.
Nxe4 Nxe4 9. Qxe4 Nf6 10. Qh4 Qd5 11. Kb1 b5 12. Bd3 Be6 13. b3 a5 14. Bc1 a4
15. Rhe1 axb3 16. axb3 b4 17. Bb2 Qd6 18. Ng5 Bd5 19. f3 Ra5 20. Ne4 Qc6 21. Rc1
Bxe4 22. fxe4 Rfa8 23. Bc4 e6 24. Qf4 Ra2 25. c3 Qb6 26. Qd2 Ng4 27. cxb4 Rxb2+
28. Qxb2 Bxd4 29. Rc3 Qxb4 30. Rec1 Ne3 31. Bd3 Ra3 32. Rc4 Ra1+ 0-1

[Event "3rd Al Ain Chess Classic"]
[Site "Al-Ain UAE"]
[Date "2014.12.26"]
[Round "9.29"]
[White "Abdulla, Khayala"]
[Black "Sagar, Shah"]
[Result "0-1"]
[WhiteTitle "WIM"]
[WhiteElo "2299"]
[BlackElo "2468"]
[WhiteFideId "13401807"]
[BlackFideId "5022509"]
[EventDate "2014.12.19"]

1. e4 d6 2. d4 Nf6 3. Nc3 g6 4. f4 Bg7 5. Nf3 O-O 6. Be3 b6 7. e5 Ng4 8. Bg1 c5
9. Bd3 Nc6 10. Be4 Bb7 11. Qd2 cxd4 12. Nxd4 Qc8 13. Nd5 Re8 14. h3 Nxd4 15.
Bxd4 dxe5 16. fxe5 Nxe5 17. O-O f5 18. Rxf5 gxf5 19. Qg5 Ng6 20. Bxg7 Qc5+ 21.
Ne3 Bxe4 22. b4 Qd6 0-1

[Event "3rd Al Ain Chess Classic"]
[Site "Al-Ain UAE"]
[Date "2014.12.26"]
[Round "9.30"]
[White "Pourramezanali, Amirreza"]
[Black "Safranska, Anda"]
[Result "1-0"]
[WhiteTitle "IM"]
[BlackTitle "WGM"]
[WhiteElo "2427"]
[BlackElo "2267"]
[WhiteFideId "12511412"]
[BlackFideId "11600209"]
[EventDate "2014.12.19"]

1. e4 g6 2. d4 Bg7 3. Nc3 c6 4. f4 d5 5. e5 Nh6 6. Be3 Qb6 7. Na4 Qa5+ 8. c3 f6
9. b4 Qc7 10. h3 Bf5 11. Nf3 b6 12. Be2 Be4 13. O-O Bxf3 14. Bxf3 e6 15. exf6
Bxf6 16. g4 Nf7 17. Bg2 Nd7 18. Nb2 O-O 19. Nd3 Nd6 20. f5 exf5 21. gxf5 gxf5
22. Bf4 Kh8 23. Qe1 Rad8 24. Nc5 Rfe8 25. Qg3 Nf8 26. Rae1 bxc5 27. bxc5 Qd7 28.
Bxd6 Ng6 29. Rxe8+ Rxe8 30. Kh1 Qe6 31. Qf2 Nh4 32. Bg3 Nxg2 33. Qxg2 Rg8 34.
Qf3 Rg5 35. Re1 Qd7 36. Kh2 Rg8 37. Qf4 Qg7 38. Re6 Rf8 39. Rxc6 Bg5 40. Qe5 f4
41. Qxg7+ Kxg7 42. Bf2 Rb8 43. Kg2 Rb2 44. Kf3 Rxa2 45. Rd6 a5 46. c6 1-0

[Event "3rd Al Ain Chess Classic"]
[Site "Al-Ain UAE"]
[Date "2014.12.26"]
[Round "9.31"]
[White "Feldman, Vladimir"]
[Black "Karavade, Eesha"]
[Result "0-1"]
[WhiteTitle "IM"]
[BlackTitle "IM"]
[WhiteElo "2168"]
[BlackElo "2392"]
[WhiteFideId "3201791"]
[BlackFideId "5012600"]
[EventDate "2014.12.19"]

1. d4 Nf6 2. Nf3 e6 3. Bf4 b6 4. e3 Bb7 5. Bd3 c5 6. c3 Nc6 7. Nbd2 Be7 8. h3
O-O 9. O-O h6 10. Qe2 Re8 11. Bh2 d6 12. Rfe1 Bf8 13. a4 a6 14. Red1 Qc7 15.
dxc5 bxc5 16. Nc4 e5 17. e4 Ne7 18. a5 Ng6 19. Nb6 Rad8 20. Qe3 Qe7 21. Nd2 Qc7
22. Nf3 Nd7 23. Nc4 Bc6 24. Bg3 Be7 25. Bc2 Qb8 26. Rd2 Bb5 27. Bb3 Qc7 28. h4
Ngf8 29. Ne1 Rb8 30. Qf3 Ne6 31. Qd1 Nf6 32. f3 Red8 33. Bf2 Bf8 34. Be3 Nd4 35.
Nb6 Nxb3 36. Qxb3 Bc6 37. Qc4 Qb7 38. Rad1 Nd7 39. Nxd7 Rxd7 40. b4 cxb4 41.
cxb4 Bb5 42. Qb3 Rc7 43. Bb6 Rc4 44. Rc2 Rbc8 45. Rxc4 Bxc4 46. Qb2 Be7 47. g3
Bb5 48. Nc2 f5 49. Qb3+ Kh8 50. Re1 Bc6 51. Qd3 fxe4 52. fxe4 Bf6 53. Qxd6 Bxe4
54. Ne3 Bf3 55. Qe6 Bh1 56. Bc5 Rd8 57. Qh3 Bf3 58. Qf5 Rd2 59. Rf1 e4 60. Rc1
Qb8 61. Qh3 Qb5 62. Qc8+ Rd8 63. Qh3 Bb2 64. Rf1 Bc3 65. Rb1 Qd3 66. Qf1 Be2 67.
Qc1 Bd2 0-1

[Event "3rd Al Ain Chess Classic"]
[Site "Al-Ain UAE"]
[Date "2014.12.26"]
[Round "9.32"]
[White "Nasri, Amin"]
[Black "Lazarev, Vladimir"]
[Result "1-0"]
[BlackTitle "GM"]
[WhiteElo "2275"]
[BlackElo "2387"]
[WhiteFideId "12501972"]
[BlackFideId "4113250"]
[EventDate "2014.12.19"]

1. d4 d5 2. c4 dxc4 3. Nf3 a6 4. e4 b5 5. Nc3 e6 6. a4 Bb7 7. axb5 axb5 8. Rxa8
Bxa8 9. Nxb5 Bxe4 10. Bxc4 Nf6 11. O-O Bd6 12. Nxd6+ cxd6 13. Qa4+ Bc6 14. Qa3
O-O 15. Bf4 d5 16. Bd3 Nbd7 17. b4 Qb6 18. b5 Ra8 19. Qb2 Bb7 20. Rc1 Ne8 21.
Qb4 h6 22. h3 Qa5 23. Qe7 Qd8 24. Qxd8 Rxd8 25. b6 Kf8 26. Ne5 Nxe5 27. dxe5 Ke7
28. Bd2 Ra8 29. Bb4+ Kd8 30. Bb5 Rb8 31. Ra1 f6 32. Ra7 fxe5 33. Bxe8 Kxe8 34.
Bd6 Rd8 35. Bc7 Rd7 36. Rxb7 d4 37. Ra7 d3 38. b7 d2 39. b8=Q+ Kf7 40. Ra1 d1=Q+
41. Rxd1 Rxd1+ 42. Kh2 1-0

[Event "3rd Al Ain Chess Classic"]
[Site "Al-Ain UAE"]
[Date "2014.12.26"]
[Round "9.33"]
[White "Nakhbayeva, Guliskhan"]
[Black "Nandhidhaa, PV"]
[Result "1/2-1/2"]
[WhiteTitle "WGM"]
[WhiteElo "2378"]
[BlackElo "2177"]
[WhiteFideId "13704788"]
[BlackFideId "5050847"]
[EventDate "2014.12.19"]

1. d4 Nf6 2. c4 e6 3. Nc3 d5 4. cxd5 exd5 5. Bg5 c6 6. Qc2 Na6 7. e3 Nc7 8. Bd3
Ne6 9. Bh4 g6 10. Nf3 Be7 11. O-O Ng7 12. b4 Bf5 13. b5 Bxd3 14. Qxd3 Nf5 15.
Bxf6 Bxf6 16. bxc6 bxc6 17. Na4 O-O 18. Rfc1 Ne7 19. Nc5 Rb8 20. Qa3 Nc8 21.
Rab1 Rb6 22. g3 Qc7 23. Kg2 Ne7 24. Nd2 Nf5 25. Qa5 Rc8 26. a4 Nd6 27. Qc3 Be7
28. h4 h5 29. Ndb3 Nc4 30. e4 Bxc5 31. Nxc5 Rcb8 32. Rxb6 Rxb6 33. Re1 Rb2 34.
e5 Qe7 35. a5 a6 36. Ra1 Rb5 37. Nxa6 Qa7 38. Nb4 Nxa5 39. Nxc6 Qc7 40. Rxa5
Rxa5 41. Qxa5 Qxc6 42. Qd8+ Kg7 43. Qe7 Qb6 44. Qc5 Qe6 45. Qc1 Qb6 46. Qc5 Qe6
47. Qa5 Qd7 48. Qe1 Qa7 49. Qe3 Qb6 50. Kf3 Qc6 51. Qf4 Qc3+ 52. Kg2 Kg8 53. e6
fxe6 54. Qf6 Kh7 55. Qe7+ Kh6 56. Qf6 Kh7 57. Qe5 Qd3 58. Qxe6 Qxd4 59. Qf7+ Kh6
60. Qg8 Qe4+ 61. Kh2 Qe5 62. Qf8+ Kh7 1/2-1/2

[Event "3rd Al Ain Chess Classic"]
[Site "Al-Ain UAE"]
[Date "2014.12.26"]
[Round "9.34"]
[White "Soozankar, A.M."]
[Black "Khademalsharieh, Sarasadat"]
[Result "1/2-1/2"]
[WhiteTitle "FM"]
[BlackTitle "WGM"]
[WhiteElo "2183"]
[BlackElo "2378"]
[WhiteFideId "12503029"]
[BlackFideId "12512214"]
[EventDate "2014.12.19"]

1. d4 Nf6 2. c4 e6 3. Nc3 Bb4 4. Qc2 O-O 5. a3 Bxc3+ 6. Qxc3 b6 7. Bg5 Bb7 8. f3
h6 9. Bh4 d5 10. e3 Nbd7 11. cxd5 exd5 12. Bd3 c5 13. Ne2 Qe7 14. Bf5 Qd6 15.
Bg3 Qe7 16. Bh4 Qd6 17. Bg3 Qe7 1/2-1/2

[Event "3rd Al Ain Chess Classic"]
[Site "Al-Ain UAE"]
[Date "2014.12.26"]
[Round "9.35"]
[White "Mammadova, Gulnar"]
[Black "Andrenko, Irina"]
[Result "1/2-1/2"]
[WhiteTitle "WGM"]
[BlackTitle "WIM"]
[WhiteElo "2354"]
[BlackElo "2202"]
[WhiteFideId "13403508"]
[BlackFideId "14118270"]
[EventDate "2014.12.19"]

1. e4 g6 2. d4 Bg7 3. Nc3 d6 4. Be3 c6 5. a4 a5 6. Be2 Na6 7. Nf3 Bg4 8. O-O Qc7
9. h3 Bxf3 10. Bxf3 Nf6 11. Be2 e5 12. f4 exd4 13. Bxd4 O-O 14. Bf3 Rfe8 15. Qd2
Nb4 16. Rae1 Rad8 17. Bf2 d5 18. e5 Nd7 19. Bg4 f5 20. Bf3 Nf8 21. Ne2 Ne6 22.
c3 Na6 23. Nd4 Nac5 24. g4 Ne4 25. Qc1 Qf7 26. Bh4 Rd7 27. gxf5 Nxd4 28. cxd4
gxf5 29. Kh2 Kh8 30. Qd1 Rg8 31. Rg1 Qe6 32. Bh5 Bh6 33. Rxg8+ Kxg8 34. Qf3 Rg7
35. Re2 Rc7 36. Rg2+ Rg7 37. Re2 Rd7 38. Kh1 Rg7 39. Kh2 Rd7 40. Re3 Rg7 41. Re2
Rc7 1/2-1/2

[Event "3rd Al Ain Chess Classic"]
[Site "Al-Ain UAE"]
[Date "2014.12.26"]
[Round "9.36"]
[White "Huseynov, Shahin"]
[Black "Mosadeghpour, Masoud"]
[Result "1/2-1/2"]
[WhiteElo "2162"]
[BlackElo "2337"]
[WhiteFideId "13401106"]
[BlackFideId "12519278"]
[EventDate "2014.12.19"]

1. c4 Nf6 2. Nc3 d5 3. d4 g6 4. Nf3 Bg7 5. e3 O-O 6. Qb3 dxc4 7. Bxc4 Nc6 8. Ne5
Nxe5 9. dxe5 Nd7 10. e6 fxe6 11. Bxe6+ Kh8 12. Ne4 Ne5 13. O-O Bxe6 14. Qxe6 Qd3
15. f3 Rad8 16. Qxe7 Qe2 17. Ng3 Qc2 18. e4 Rfe8 19. Qh4 Nd3 20. Be3 Bxb2 21.
Rab1 Qc6 22. f4 Bf6 23. Qh3 b6 24. f5 Kg8 25. Kh1 Bg7 26. Qh4 Rd6 27. Bg5 Rf8
28. fxg6 hxg6 29. Rxf8+ Bxf8 30. Rf1 Bg7 31. Qg4 Qd7 32. Qe2 c5 33. h4 Ne5 34.
Bf4 Rd4 35. h5 Qe6 36. Be3 Rd7 37. hxg6 Qxg6 38. Nf5 Qg4 39. Qa6 Qxe4 40. Qc8+
Kh7 41. Rf4 Qc6 42. Rh4+ Kg6 43. Qe8+ Kxf5 44. Rf4+ Kg5 45. Re4+ 1/2-1/2

[Event "3rd Al Ain Chess Classic"]
[Site "Al-Ain UAE"]
[Date "2014.12.26"]
[Round "9.37"]
[White "Khalafova, Narmin"]
[Black "Soumya, Swaminathan"]
[Result "0-1"]
[WhiteTitle "WFM"]
[BlackTitle "WGM"]
[WhiteElo "2161"]
[BlackElo "2330"]
[WhiteFideId "13402625"]
[BlackFideId "5016193"]
[EventDate "2014.12.19"]

1. e4 c5 2. Nf3 d6 3. d4 cxd4 4. Nxd4 Nf6 5. Nc3 Nc6 6. h3 e6 7. g4 Be7 8. Bg2
O-O 9. Be3 Nd7 10. Qe2 a6 11. O-O-O Nxd4 12. Bxd4 b5 13. e5 d5 14. Qe3 Bb7 15.
Kb1 Rc8 16. f4 Bc5 17. g5 Bxd4 18. Rxd4 Qc7 19. Qf2 Nb6 20. h4 Nc4 21. Rh3 b4
22. Nd1 a5 23. h5 Ba6 24. Ne3 Rfd8 25. Ng4 a4 26. g6 h6 27. Rg3 fxg6 28. Nxh6+
gxh6 29. Rxg6+ Kh7 30. Rxe6 Bb7 31. Bf1 Rd7 32. Bd3+ Kg8 33. Rxh6 Rg7 34. Rf6
Nd2+ 35. Kc1 Ne4 36. Bxe4 dxe4 37. Rd2 b3 38. axb3 axb3 39. Qe3 Qc4 40. Rfd6 Qa4
41. Rd8+ Kh7 0-1

[Event "3rd Al Ain Chess Classic"]
[Site "Al-Ain UAE"]
[Date "2014.12.26"]
[Round "9.38"]
[White "Sameir, Ramez"]
[Black "Vijayalakshmi, Subbaraman"]
[Result "0-1"]
[BlackTitle "IM"]
[WhiteElo "2128"]
[BlackElo "2329"]
[WhiteFideId "10606017"]
[BlackFideId "5004098"]
[EventDate "2014.12.19"]

1. e4 c5 2. Nc3 Nc6 3. f4 g6 4. Nf3 Bg7 5. Bb5 a6 6. Bxc6 dxc6 7. O-O Nf6 8. d3
O-O 9. Qe1 a5 10. f5 gxf5 11. Qh4 fxe4 12. Ng5 exd3 13. Be3 h6 14. Nge4 Nxe4 15.
Nxe4 f5 16. Nxc5 dxc2 17. Kh1 f4 18. Bxf4 e5 19. Qxd8 Rxd8 20. Be3 Bg4 21. h3
Be2 22. Rfe1 Rd1 23. Rc1 e4 24. Bf2 e3 25. Bg3 Rxc1 26. Rxc1 Bd1 27. Na4 e2 28.
Kg1 Bd4+ 0-1

[Event "3rd Al Ain Chess Classic"]
[Site "Al-Ain UAE"]
[Date "2014.12.26"]
[Round "9.39"]
[White "Safarov, Zirva"]
[Black "Gholami, Aryan"]
[Result "0-1"]
[BlackTitle "FM"]
[WhiteElo "2104"]
[BlackElo "2320"]
[WhiteFideId "13413040"]
[BlackFideId "12513342"]
[EventDate "2014.12.19"]

1. e4 c5 2. Nf3 e6 3. g3 Nc6 4. Bg2 g6 5. O-O Bg7 6. Re1 d6 7. c3 e5 8. Na3 Nge7
9. Nc2 Bg4 10. h3 Bxf3 11. Bxf3 O-O 12. d3 f5 13. Bg2 f4 14. gxf4 exf4 15. d4
Qb6 16. Qg4 cxd4 17. Bxf4 Qxb2 18. Nxd4 Nxd4 19. cxd4 Bxd4 20. Rf1 Rf6 21. Rab1
Qxa2 22. Rbd1 Raf8 23. Rd2 Rxf4 24. Qxf4 Rxf4 25. Rxa2 Nc6 26. Rb1 b6 27. e5
Nxe5 28. Rxa7 Rxf2 29. Kh1 Kh8 30. Rd1 Bc5 31. Rb7 Rf7 32. Rb8+ Kg7 33. Kh2 Kh6
34. Ra1 Rf2 35. Kh1 Kg5 36. Rf1 Rb2 37. Kh2 h5 38. Re8 b5 39. Re1 Nf3+ 40. Kh1
Nxe1 41. Rxe1 b4 42. Re6 Kf5 43. Re8 b3 44. Be4+ Kf4 45. Bxg6 0-1

[Event "3rd Al Ain Chess Classic"]
[Site "Al-Ain UAE"]
[Date "2014.12.26"]
[Round "9.40"]
[White "Bunyatov, Rustam"]
[Black "Kursova, Maria"]
[Result "1/2-1/2"]
[WhiteTitle "CM"]
[BlackTitle "WGM"]
[WhiteElo "2077"]
[BlackElo "2305"]
[WhiteFideId "13410210"]
[BlackFideId "4129709"]
[EventDate "2014.12.19"]

1. e4 c5 2. Nf3 e6 3. d4 cxd4 4. Nxd4 Nc6 5. Nc3 Qc7 6. Be3 a6 7. Qd2 Nf6 8. f3
b5 9. O-O-O Bb7 10. g4 b4 11. Na4 d5 12. g5 Nd7 13. exd5 Nxd4 14. Bxd4 Bxd5 15.
b3 Bd6 16. Kb1 O-O 17. Be2 a5 18. h4 Bf4 19. Be3 Bxe3 20. Qxe3 Bc6 21. Nb2 a4
22. g6 hxg6 23. h5 axb3 24. cxb3 Qa5 25. hxg6 Qxa2+ 26. Kc2 Qa7 27. gxf7+ Kxf7
28. Qxa7 Rxa7 29. Rh4 Nf6 30. Rd6 Rc8 31. Rc4 Rac7 32. Nd3 Ke7 33. Rdd4 Bb5 34.
Rxc7+ Rxc7+ 35. Kd2 Bxd3 36. Bxd3 Rb7 37. Rc4 Kd6 38. Be4 Rb6 39. Ke3 g5 40. Ba8
Ke5 41. f4+ gxf4+ 42. Rxf4 Rb8 43. Bf3 Nd5+ 44. Bxd5 exd5 45. Rh4 Kd6 46. Kd4
Re8 47. Rg4 Re6 48. Rf4 Rh6 49. Rg4 Kc6 50. Rg8 Rh4+ 51. Kd3 Rh3+ 52. Kc2 Kc5
53. Rb8 Rg3 54. Rb7 Rg2+ 55. Kb1 Kd4 56. Rxb4+ Kc3 57. Rb8 d4 58. Rc8+ Kd3 59.
b4 Rg6 60. Kb2 Kd2 61. Kb3 d3 62. Rh8 Rd6 63. Rh2+ Ke3 64. Rh3+ Kf2 65. Rh2+ Kg3
66. Rh1 Kg2 67. Rd1 Kf2 68. Kc4 Ke2 69. Rb1 Rc6+ 70. Kd5 Rc2 71. b5 d2 72. Rh1
Rc1 73. Rh2+ Ke3 74. Rxd2 Kxd2 75. b6 Kd3 76. b7 Rb1 77. Kc6 Kd4 78. Kc7 Kd5 1/2-1/2

[Event "3rd Al Ain Chess Classic"]
[Site "Al-Ain UAE"]
[Date "2014.12.26"]
[Round "9.41"]
[White "Asadli, Vugar"]
[Black "Thakur, Akash"]
[Result "0-1"]
[WhiteTitle "CM"]
[BlackTitle "FM"]
[WhiteElo "2043"]
[BlackElo "2302"]
[WhiteFideId "13405764"]
[BlackFideId "5008514"]
[EventDate "2014.12.19"]

1. e4 e5 2. Nf3 Nc6 3. Bb5 a6 4. Bxc6 dxc6 5. O-O f6 6. h3 Be6 7. d4 Bc4 8. Re1
exd4 9. Qxd4 Qxd4 10. Nxd4 O-O-O 11. Be3 c5 12. Nf3 Bd6 13. Nbd2 Bf7 14. Nh4 Ne7
15. f4 Rhe8 16. Nhf3 Nc6 17. c3 Bg6 18. f5 Bf7 19. Kf2 b6 20. b3 Ne5 21. Nxe5
Bxe5 22. Rac1 h5 23. g3 h4 24. gxh4 Rd3 25. Nb1 Rh8 26. Rcd1 Rxd1 27. Rxd1 Rxh4
28. Rg1 Rxh3 29. Rxg7 Bh5 30. Nd2 Bxc3 31. Bf4 Rd3 32. Rxc7+ Kd8 33. Rc6 Bxd2
34. Bxd2 Rxd2+ 35. Ke3 Re2+ 36. Kd3 Ke7 37. a4 Bf3 38. Re6+ Kf7 39. Rxb6 Rxe4
40. Rxa6 Re5 41. Ra7+ Ke8 42. a5 Rxf5 43. a6 Re5 44. Rh7 Be4+ 0-1